000 01036nam a2200229Ia 4500
003 Ost
005 20260507075047.0
008 260507s9999||||xx |||||||||||||| ||und||
040 _cfsecg
041 _aara
082 _a600
100 _aالديلمي، محمد عبد الله حمود
_eمؤلف
245 0 _aتحول القرار الإداري /
_c محمد عبد الله حمود الديلمي
260 _aعمان:
_bالدار العلمية الدولية للنشر والتوزيع,
_c2001
300 _a176 صفحة؛
_c24 سم
490 _aالمكتبة القانونية
_v411
504 _aببليوغرافيا: ص.173
520 _aماهية تحول التصرف القانوني في نطاق القانون الخاص-شروط تحول القرار الإداري-إجراءات التحول وآثاره-تمييز التحول عن غيره من الأفكار المقارنة
653 _aالقانون الاداري
653 _aالقرارات الإدارية
942 _cكتاب
999 _c42599
_d42599